Statistiche per Elenca la formazione - Quiz n°149

Clicka qui per fare il quiz!

Statistiche generali

  • Questo quiz è stato fatto 7 volte
  • Il punteggio medio è 5 su 11

Statistiche sulle risposte

RuoloNazioneCalciatore% Corretto
AttaccanteItaliaCiro Immobile
100%
AlaArmeniaHenrikh Mkhitaryan
100%
DifensoreGreciaSōkratīs Papastathopoulos
100%
AlaFrancia / GabonPierre-Emerick Aubameyang
86%
DifensorePoloniaŁukasz Piszczek
43%
DifensoreGermaniaMarcel Schmelzer
43%
DifensoreGermaniaMatthias Ginter
29%
CentrocampistaGermaniaSebastian Kehl
29%
PortiereAustraliaMitchell Langerak
14%
TrequartistaGermaniaJonas Hofmann
0%
CentrocampistaGermaniaOliver Kirch
0%

Distribuzione punteggi

Percentile per numero di risposta

Percentuale di utenti per punteggio

I tuoi punteggi nel tempo

Non hai fatto questo quiz